000 00302 a2200121 4500
001 152431
040 _cEscola São Tomás de Aquino
100 _aMELO NETO, João Cabral de
240 1 0 _aMorte e vida severina
_lpor
245 1 0 _aMorte e vida severina
697 _aLITERATURA BRASILEIRA
942 _cBK
999 _c152431
_d152431